| 000 | 00674nam a22002053a 4500 | ||
|---|---|---|---|
| 005 | 20210223124558.0 | ||
| 008 | 010531m19931998mx r 000 0 spa d | ||
| 020 | _a9681640594 (Empastada) | ||
| 035 | _aUPN01000116453 | ||
| 049 | _aI | ||
| 050 | 4 |
_aPZ90 H3 _bS4.68 |
|
| 100 | 1 |
_aSenunit, Mikhal, _d1940- |
|
| 245 | 1 | 3 |
_aEl pájaro del alma / _cMikhal Senunit ; il. de Francisco Nava Bouchain ; tr. de Flaminia Cohen Tuval. |
| 260 |
_aMéxico : _bFCE, _c1993 (1998 impr.). |
||
| 300 |
_a[22] p. : _bil. col. |
||
| 440 | 4 | _aLos especiales de a la orilla del viento | |
| 650 | 4 |
_aALMA EN LITERATURA _92413 |
|
| 650 | 4 |
_aLITERATURA INFANTIL JUDIA _920806 |
|
| 905 | _aInfantil | ||
| 999 |
_c89190 _d89190 |
||